000 02681cas a2200625 a 4500
001 data
005 20260322212111.0
008 data
010 _a 2007202109
016 7 _a989728560
_2DE-101
016 7 _a2439762-3
_2DE-600
019 _a992879223
022 _a1794-1113
023 0 _a1794-1113
024 8 _aeb52857572
029 1 _aAU@
_b000041677133
029 1 _aDEBBG
_bBV036073825
029 1 _aGEBAY
_b11684554
029 1 _aGWDNB
_b989728560
035 _a(OCoLC)56943865
040 _aDLC
_beng
_cDLC
_dOCLCQ
_dDLC
_dCGU
_dOCLCQ
_dDEBBG
_dGWDNB
_dOCLCQ
_dOCLCF
_dOCLCQ
_dOCLCO
_dOCLCQ
041 0 _aspa
_beng
042 _alccopycat
050 0 0 _aHG173.6.S62
_bO34
084 _a655
_a330
_a380
_a600
_a655
_2zdbs
130 0 _aODEON (Bogotá, Colombia)
245 1 0 _aODEON :
_bobservatorio de economía y operaciones numéricas.
246 3 0 _aObservatorio de economía y operaciones numéricas
260 _aBogotá, Colombia :
_bCentro de Investigaciones y Proyectos Especiales (CIPE),
_bCentro de Investigaciones y Proyectos Especiales (CIPE),
_c2003-
300 _avolumes :
_billustrations ;
_c24 cm +
_eCD-ROMs
310 _aAnnual
336 _atext
_btxt
_2rdacontent
337 _aunmediated
_bn
_2rdamedia
338 _avolume
_bnc
_2rdacarrier
362 0 _aNo. 1 (2003/04)-
500 _aEach issue has a theme title.
500 _aIssues for <2006/07-> issued without accompanying CD-ROM.
546 _aText in Spanish, with abstracts in English and Spanish.
588 _aLatest issue consulted: No. 3 (2006/07).
650 0 _aFinance.
650 6 _aFinances.
650 7 _afinance.
_2aat
650 7 _aFinance.
_2fast
_0(OCoLC)fst00924349
710 2 _aUniversidad Externado de Colombia.
_bFacultad de Finanzas, Gobierno y Relaciones Internacionales.
710 2 _aUniversidad Externado de Colombia.
_bCentro de Investigaciones y Proyectos Especiales.
776 0 8 _iOnline version:
_tODEON (Bogotá, Colombia : Online)
_w(OCoLC)226081064
_w(OCoLC)226081064
859 4 1 _uhttp://www.redalyc.org/revista.oa?id=532
_uhttp://www.redalyc.org/revista.oa?id=532
_70
859 4 _uhttp://www.redalyc.org/revista.oa?id=532
_zkostenfrei
859 4 _uhttp://search.ebscohost.com/
859 4 _uhttp://www.bibliothek.uni-regensburg.de/ezeit/?2439762
906 _a7
_bcbc
_cserials
_d2
_encip
_f20
_gn-oclcserc
925 0 _aacquire
_b1 shelf copy
_xpolicy default
955 _gdd65 2007-04-26 to SERCAT
_eda25 2007-05-23 to MRC
999 _c1659
_d1659